[Event "4th ch-EU"]
[Site "Liverpool ENG"]
[Date "2008.09.16"]
[Round "8"]
[White "Lawson,A"]
[Black "Tasker,M"]
[Result "0-1"]
[WhiteElo "2200"]
[BlackElo "2062"]
[EventDate "2008.09.09"]

1. Nf3 Nf6 2. c4 g6 3. Nc3 Bg7 4. d4 O-O 5. g3 d6 6. Bg2 c5 7. O-O Nc6 8.
dxc5 dxc5 9. Be3 Be6 10. Bxc5 Qa5 11. Be3 Bxc4 12. Nd4 Nxd4 13. Qxd4 Qa6
14. Bxb7 Qxb7 15. Qxc4 Qxb2 16. Rab1 Qa3 17. Rb3 Qa5 18. Qc5 Qa6 19. Qxe7
Ng4 20. Bf4 Rac8 21. Ra3 Qc4 22. Rc1 Rfe8 23. Qg5 f5 24. Qh4 Qc5 25. Rb3
Qxf2+ 26. Kh1 Rxe2 0-1

[Event "4th ch-EU"]
[Site "Liverpool ENG"]
[Date "2008.09.16"]
[Round "8"]
[White "Hawkins,Ja"]
[Black "Naslund,M"]
[Result "1/2-1/2"]
[WhiteElo "2013"]
[BlackElo "2243"]
[EventDate "2008.09.09"]

1. e4 c5 2. Nf3 e6 3. d4 cxd4 4. Nxd4 Qb6 5. Nb3 Qc7 6. Nc3 a6 7. Bd3 Nf6
8. O-O b5 9. a3 Bb7 10. f4 d6 11. Qe2 Nbd7 12. Bd2 Be7 13. Rae1 e5 14. Kh1
O-O 15. Rf3 Rfe8 16. Rh3 exf4 17. Bxf4 Ne5 18. Nd4 Ng6 19. Bd2 Bc8 20. Nf5
Bf8 21. Qf2 Bxf5 22. Qxf5 Qc5 23. Qf1 Ne5 24. Be3 Qc8 25. Bg5 Be7 26. Bxf6
Bxf6 27. Nd5 Bd8 28. Ree3 Ra7 29. Reg3 Qe6 30. Rh5 g6 31. Rhh3 Rb7 32. Re3
Ng4 33. Re2 Bf6 34. c3 Be5 35. Qf3 Nf6 36. Nxf6+ Qxf6 37. Qxf6 Bxf6 38. Rf3
Be5 39. g3 Ree7 40. Ref2 a5 41. Rc2 Rec7 42. Rff2 Kg7 43. Kg2 h5 44. h4 f6
45. Kh3 Kh6 46. Kg2 g5 47. hxg5+ Kxg5 48. Be2 Rh7 49. Rf5+ Kg6 50. Kh3
1/2-1/2

[Event "4th ch-EU"]
[Site "Liverpool ENG"]
[Date "2008.09.16"]
[Round "8"]
[White "McCarthy,Ji"]
[Black "Cannon,Ra"]
[Result "0-1"]
[WhiteElo "2084"]
[BlackElo "2041"]
[EventDate "2008.09.09"]

1. e4 d6 2. d4 Nf6 3. Bd3 Nc6 4. c3 e5 5. Nf3 Bg4 6. d5 Nb8 7. h3 Bh5 8.
Be3 Nbd7 9. Qa4 Bg6 10. Nh4 Nxd5 11. Nxg6 N5b6 12. Bxb6 axb6 13. Qxa8 Qxa8
14. Nxh8 Nf6 15. Bc4 d5 16. exd5 Bd6 17. Nd2 Ke7 18. Nxf7 Kxf7 19. O-O-O b5
20. Bb3 Qa7 21. Rhf1 Qc5 22. Kb1 b4 23. cxb4 Qxb4 24. Nc4 b5 25. Ne3 Ne4
26. Kc1 g6 27. Nc2 Qa5 28. a3 Kg7 29. f3 Nc5 30. Ba2 Qa4 31. b4 Nd7 32. Kb2
Nb6 33. Bb3 Qa7 34. Rfe1 Nd7 35. Rd2 Nf6 36. g4 h5 37. Ne3 e4 38. g5 Be5+
39. Ka2 Nd7 40. Nd1 exf3 41. Rf1 Bf4 42. Rdf2 Ne5 43. Re1 Bg3 44. Rxe5 Bxe5
45. d6 Qd4 46. Bc2 Bxd6 47. Rxf3 Qd5+ 48. Rb3 Qd2 49. Ne3 Be5 50. Rd3 Qc1
51. Rd7+ Kf8 0-1

[Event "4th ch-EU"]
[Site "Liverpool ENG"]
[Date "2008.09.16"]
[Round "8"]
[White "Fraser Mitchell,J"]
[Black "Van Kemenade,R"]
[Result "1/2-1/2"]
[WhiteElo "2018"]
[BlackElo "1971"]
[EventDate "2008.09.09"]

1. d4 Nf6 2. c4 e5 3. dxe5 Ng4 4. Bf4 g5 5. Bd2 Bg7 6. Bc3 Nc6 7. e3 h5 8.
Nf3 Ngxe5 9. Be2 g4 10. Nxe5 Nxe5 11. Nd2 d6 12. Qc2 Qf6 13. c5 d5 14. Bd4
Bf5 15. Qc3 Qe6 16. b4 O-O 17. O-O-O b6 18. f4 gxf3 19. gxf3 f6 20. Rhg1 a5
21. e4 dxe4 22. Bxe5 Qxe5 23. Qxe5 fxe5 24. Bc4+ Kh7 25. Nxe4 Bxe4 26. fxe4
Rad8 27. Rxd8 Rxd8 28. Rd1 1/2-1/2

[Event "4th ch-EU"]
[Site "Liverpool ENG"]
[Date "2008.09.16"]
[Round "8"]
[White "Vaznonis,V"]
[Black "Ewart,B"]
[Result "1-0"]
[WhiteElo "2407"]
[BlackElo "1902"]
[EventDate "2008.09.09"]

1. d4 d5 2. c4 e6 3. Nc3 Nf6 4. cxd5 exd5 5. Bg5 Be7 6. e3 O-O 7. Qc2 Nbd7
8. Bd3 Re8 9. Nf3 h6 10. Bf4 a6 11. O-O Bf8 12. Rfd1 c6 13. h3 Qe7 14. Re1
Ne4 15. Bxe4 dxe4 16. Nd2 f5 17. f3 g5 18. Bh2 Bg7 19. fxe4 f4 20. exf4
Bxd4+ 21. Kh1 gxf4 22. Bxf4 Qh4 23. e5 Nf8 24. Qe4 Ne6 25. Qg6+ Ng7 26.
Bxh6 Re7 27. Nf3 Qf2 28. Ne4 Qxb2 29. Nf6+ 1-0

[Event "4th ch-EU"]
[Site "Liverpool ENG"]
[Date "2008.09.16"]
[Round "8"]
[White "Taylor,E"]
[Black "Roy,Ali"]
[Result "0-1"]
[WhiteElo "2067"]
[BlackElo "1693"]
[EventDate "2008.09.09"]

1. d4 d5 2. Bg5 h6 3. Bh4 c6 4. Nf3 Qb6 5. b3 a5 6. e3 Bf5 7. Nbd2 Nd7 8.
c4 e6 9. c5 Qa7 10. Bg3 b6 11. cxb6 Qxb6 12. a3 Ngf6 13. h3 Be7 14. Be2 O-O
15. O-O Rfc8 16. Qc1 c5 17. Qb2 c4 18. Rfc1 Ne4 19. Nxe4 Bxe4 20. Rc3 a4
21. b4 Bg6 22. Ne5 Nxe5 23. Bxe5 Bd6 24. Bxd6 Qxd6 25. Bd1 f6 26. Bc2 Bxc2
27. Qxc2 f5 28. Re1 Qc6 29. f3 Rf8 30. e4 fxe4 31. fxe4 Rf4 32. exd5 exd5
33. Qd2 Raf8 34. Rce3 Qf6 35. Rd1 Rf1+ 36. Rxf1 Qxf1+ 37. Kh2 Rf2 0-1

[Event "4th ch-EU"]
[Site "Liverpool ENG"]
[Date "2008.09.17"]
[Round "9"]
[White "Laznicka,V"]
[Black "Werle,J"]
[Result "0-1"]
[WhiteElo "2601"]
[BlackElo "2591"]
[EventDate "2008.09.09"]

1. d4 Nf6 2. c4 e6 3. g3 d5 4. Nf3 dxc4 5. Bg2 c5 6. O-O Nc6 7. Ne5 Bd7 8.
Na3 cxd4 9. Naxc4 Bc5 10. Qb3 O-O 11. Qxb7 Nxe5 12. Nxe5 Rb8 13. Qf3 Bd6
14. Nc6 Bxc6 15. Qxc6 Qe7 16. Qa4 e5 17. Rb1 h6 18. Bd2 Bb4 19. Bxb4 Rxb4
20. Qa3 e4 21. Rfc1 Rd8 22. Rc2 Ng4 23. Rbc1 d3 24. exd3 e3 25. Rc8 Rxc8
26. Rxc8+ Kh7 27. Re8 exf2+ 28. Kf1 Qc5 0-1

[Event "4th ch-EU"]
[Site "Liverpool ENG"]
[Date "2008.09.17"]
[Round "9"]
[White "D'Costa,L"]
[Black "Howell,D"]
[Result "0-1"]
[WhiteElo "2414"]
[BlackElo "2561"]
[EventDate "2008.09.09"]

1. Nf3 Nf6 2. c4 g6 3. Nc3 d5 4. cxd5 Nxd5 5. Qa4+ c6 6. g3 Bg7 7. Bg2 O-O
8. O-O e5 9. d3 h6 10. Bd2 Be6 11. Rac1 Na6 12. Rfd1 Qe7 13. Qc2 Rfd8 14.
a3 Rac8 15. b4 Nac7 16. Qb1 a6 17. Ne4 Nb5 18. a4 Nd4 19. Re1 Bg4 20. Nxd4
exd4 21. Nc5 Re8 22. e4 Nc3 23. Bxc3 dxc3 24. h3 b6 25. Nxa6 Qa7 26. b5 Bd7
27. Qb4 cxb5 28. axb5 Re5 29. Rxc3 Rxc3 30. Qxc3 Rc5 31. Qb3 Rxb5 32. Nb4
Qa5 33. Rb1 Be6 0-1

[Event "4th ch-EU"]
[Site "Liverpool ENG"]
[Date "2008.09.17"]
[Round "9"]
[White "Shaw,J"]
[Black "Meier,Geo"]
[Result "0-1"]
[WhiteElo "2469"]
[BlackElo "2556"]
[EventDate "2008.09.09"]

1. e4 e6 2. d4 d5 3. Nd2 dxe4 4. Nxe4 Nd7 5. Nf3 Ngf6 6. Bd3 c5 7. O-O Nxe4
8. Bxe4 Nf6 9. Bd3 cxd4 10. Nxd4 Bc5 11. Nf3 O-O 12. Qe2 b6 13. Bf4 Bb7 14.
Rad1 Qe7 15. Ne5 Rfd8 16. c3 Rac8 17. Bb5 Bd6 18. Rd4 Nd5 19. Bg3 f6 20.
Nf3 e5 21. Ra4 a5 22. Rd1 Bb8 23. Bd3 g6 24. h4 Bc6 25. Rg4 Qd7 26. Nxe5
fxe5 27. h5 e4 28. hxg6 h6 29. Rxe4 Bxg3 30. fxg3 Re8 31. Bc4 Rxe4 32. Qxe4
Rd8 33. a4 Qd6 34. Qf5 Rd7 35. Kh2 Kg7 36. Bxd5 Bxd5 37. c4 Be6 38. Rxd6
Bxf5 39. Rxb6 Rd2 40. b4 axb4 41. Rxb4 Kxg6 42. c5 Rc2 43. a5 Rxc5 44. Ra4
Rc7 45. g4 Bd7 46. Rd4 Kg5 47. Kh3 Rc3+ 48. g3 Bc6 0-1

[Event "4th ch-EU"]
[Site "Liverpool ENG"]
[Date "2008.09.17"]
[Round "9"]
[White "Astaneh Lopez,A"]
[Black "Kotronias,V"]
[Result "0-1"]
[WhiteElo "2357"]
[BlackElo "2574"]
[EventDate "2008.09.09"]

1. e4 d5 2. exd5 Qxd5 3. Nc3 Qa5 4. Bc4 Nf6 5. d3 c6 6. Bd2 Qc7 7. Qe2 b5
8. Bb3 a5 9. a4 b4 10. Ne4 Nxe4 11. Qxe4 e6 12. Bf4 Bd6 13. Bxd6 Qxd6 14.
Nf3 Nd7 15. Qd4 Qxd4 16. Nxd4 Bb7 17. O-O O-O-O 18. Nf3 h6 19. Rfe1 Kc7 20.
Ne5 Nxe5 21. Rxe5 Kb6 22. Bc4 c5 23. Rae1 Bc6 24. b3 Rd4 25. f3 g5 26. h3
Rg8 27. Kf2 h5 28. R1e3 Rg6 29. Bb5 Bd5 30. Bc4 Bb7 31. Bb5 Rd8 32. Re2 Rd4
33. R2e3 Rf4 34. Kg3 Bd5 35. Re2 Rd4 36. Bc4 Bc6 37. h4 Rxh4 38. Rxg5 Rxg5+
39. Kxh4 Rf5 40. Kg3 Kc7 41. Rd2 Kd6 42. d4 Bd5 43. Bd3 Rg5+ 44. Kf4 f6 45.
dxc5+ Kxc5 46. Bb5 h4 47. Bf1 Rg3 48. Rd1 e5+ 49. Ke3 e4 50. Be2 Rxg2 51.
fxe4 Be6 52. Rf1 Rg6 53. Bf3 h3 54. Rd1 Rg7 55. Rd8 Rg8 56. Rd1 h2 57. Rd2
Rh8 58. Bh1 Rh5 59. Kf4 Bc8 60. Rd8 Bb7 61. Rd1 Bc6 62. Bf3 Rh7 63. Kf5 Rd7
64. Rxd7 Bxd7+ 65. Kxf6 Bg4 66. Bg2 Bd1 67. e5 Bxc2 68. e6 Bxb3 69. e7 Bxa4
70. Ke5 Be8 0-1

[Event "4th ch-EU"]
[Site "Liverpool ENG"]
[Date "2008.09.17"]
[Round "9"]
[White "Gordon,S"]
[Black "Calzetta,M"]
[Result "1/2-1/2"]
[WhiteElo "2508"]
[BlackElo "2264"]
[EventDate "2008.09.09"]

1. d4 Nf6 2. Nf3 g6 3. c4 Bg7 4. Nc3 O-O 5. e4 d6 6. h3 e5 7. d5 Nh5 8. g3
f5 9. exf5 gxf5 10. Ng5 Nf6 11. Bg2 a5 12. Be3 Qe7 13. Qe2 Na6 14. O-O h6
15. Nf3 Bd7 16. Nh4 Qf7 17. f4 e4 18. Kh2 Rae8 19. Rg1 Nc5 20. Bf1 Kh7 21.
Rd1 b6 22. Qf2 h5 23. Be2 Rg8 24. Nb5 Bxb5 25. cxb5 Nd3 26. Bxd3 exd3 27.
Rxd3 Nxd5 28. Nf3 Bf6 29. Bd4 Kh6 30. a3 Bxd4 31. Nxd4 Re4 32. Rg2 Rge8 33.
Qd2 Ne3 34. Rf2 Kg6 35. Rf3 Nc4 36. Qg2 Re1 37. g4 Ne3 38. gxf5+ Kh7 39.
Qg6+ Qxg6 40. fxg6+ Kxg6 41. Rg3+ Kf6 42. Rg5 h4 43. Nf3 Rb1 44. Nxh4 Rxb2+
45. Kg3 Nf1+ 46. Kg4 Nh2+ 47. Kg3 Nf1+ 48. Kg4 Nh2+ 49. Kg3 Nf1+ 50. Kg4
1/2-1/2

[Event "4th ch-EU"]
[Site "Liverpool ENG"]
[Date "2008.09.17"]
[Round "9"]
[White "Limontaite,S"]
[Black "Rausis,I"]
[Result "1/2-1/2"]
[WhiteElo "2200"]
[BlackElo "2486"]
[EventDate "2008.09.09"]

1. d4 d5 2. c4 dxc4 3. e4 Nc6 4. Be3 Nf6 5. f3 e5 6. d5 Nd4 7. Bxd4 exd4 8.
Qxd4 c6 9. Nc3 Bb4 10. Qe5+ Qe7 11. Qxe7+ Kxe7 12. dxc6 Be6 13. cxb7 Rab8
14. Nge2 Rxb7 15. Nd4 Rc8 16. Be2 Nd7 17. O-O-O Bxc3 18. bxc3 Nc5 19. Kc2
Rb6 20. Ra1 Bd7 21. Rhb1 Rh6 22. h3 Rg6 23. Bf1 Rc7 24. Rb2 Ra6 25. Bxc4
Rd6 26. Bd5 Na4 27. Rb3 Nb6 28. Nb5 Bxb5 29. Rxb5 Rg6 1/2-1/2

[Event "4th ch-EU"]
[Site "Liverpool ENG"]
[Date "2008.09.17"]
[Round "9"]
[White "Logothetis,S"]
[Black "Hillarp Persson,T"]
[Result "0-1"]
[WhiteElo "2318"]
[BlackElo "2526"]
[EventDate "2008.09.09"]

1. d4 d5 2. c4 c6 3. Nf3 Nf6 4. Nc3 e6 5. cxd5 exd5 6. Bg5 h6 7. Bh4 Bf5 8.
e3 Nbd7 9. Bd3 Bxd3 10. Qxd3 Bd6 11. O-O O-O 12. Rab1 a5 13. Qc2 Re8 14. a3
Qe7 15. Rfe1 Qe6 16. Bg3 Bxg3 17. hxg3 Ne4 18. Nxe4 dxe4 19. Nd2 Nf6 20.
Rec1 h5 21. Qd1 g6 22. Rc5 Nd5 23. Rbc1 Kg7 24. Nb1 h4 25. g4 Nf6 26. Re5
Qxg4 27. Qxg4 Nxg4 28. Rxe8 Rxe8 29. Rc5 Ra8 30. Nd2 f5 31. a4 Kh6 32. Nb3
Ra6 33. Nd2 Rb6 34. b3 Rb4 35. Rc4 Nf6 36. Rc5 Nd5 37. Rxa5 f4 38. exf4
Rxd4 39. Nc4 Nxf4 40. Re5 Nd5 41. Nd6 Nf6 42. Re6 Rd1+ 43. Kh2 Ng4+ 44. Kh3
Kh5 45. g3 e3 0-1

[Event "4th ch-EU"]
[Site "Liverpool ENG"]
[Date "2008.09.17"]
[Round "9"]
[White "Gormally,D"]
[Black "Eggleston,D"]
[Result "1/2-1/2"]
[WhiteElo "2504"]
[BlackElo "2372"]
[EventDate "2008.09.09"]

1. d4 Nf6 2. c4 e6 3. Nf3 b6 4. g3 Bb7 5. Bg2 Be7 6. Nc3 O-O 7. O-O Na6 8.
a3 d5 9. cxd5 Nxd5 10. Nxd5 Bxd5 11. Qd3 Qc8 12. e4 Bb7 13. Bf4 c5 14. Rac1
Qd8 15. Rfd1 cxd4 16. Qe2 Rc8 17. Nxd4 Rxc1 18. Bxc1 Qa8 19. b4 Rd8 20. Bb2
Nc7 21. Rc1 Ne8 22. b5 Bc5 23. Nb3 Bf8 24. a4 Rc8 25. Rxc8 Qxc8 26. a5 bxa5
27. Nxa5 Ba8 28. Qc4 1/2-1/2

[Event "4th ch-EU"]
[Site "Liverpool ENG"]
[Date "2008.09.17"]
[Round "9"]
[White "Cruz Alvarez de Ron,D"]
[Black "Meijers,V"]
[Result "0-1"]
[WhiteElo "2278"]
[BlackElo "2496"]
[EventDate "2008.09.09"]

1. Nf3 f5 2. g3 Nf6 3. Bg2 g6 4. d4 c6 5. c4 Bg7 6. b4 d6 7. Bb2 O-O 8. a4
Kh8 9. O-O Be6 10. Qd3 Nbd7 11. Ng5 Bg8 12. d5 cxd5 13. cxd5 Ne5 14. Qb3
Rc8 15. Na3 h6 16. Ne6 Bxe6 17. dxe6 Ne4 18. Rfd1 a5 19. bxa5 Qxa5 20. Bd4
Nc5 21. Bxc5 Qxc5 22. Rab1 f4 23. Rd5 Qa7 24. Nb5 Qa6 25. Nd4 Nc6 26. Nf3
fxg3 27. hxg3 Qxe2 28. Re1 Rxf3 0-1

[Event "4th ch-EU"]
[Site "Liverpool ENG"]
[Date "2008.09.17"]
[Round "9"]
[White "Williams,Si1"]
[Black "Peek,Mar"]
[Result "1-0"]
[WhiteElo "2496"]
[BlackElo "2370"]
[EventDate "2008.09.09"]

1. d4 d5 2. c4 Nc6 3. Nc3 dxc4 4. d5 Ne5 5. f4 Nd7 6. e4 Nb6 7. a4 a5 8.
Be3 e6 9. Bxb6 cxb6 10. Bxc4 Bb4 11. dxe6 Bxe6 12. Bxe6 Qxd1+ 13. Rxd1 fxe6
14. Nge2 Nf6 15. Kf2 Nd7 16. Nd4 Ke7 17. f5 Bxc3 18. bxc3 Nc5 19. Ke3 g6
20. Nxe6 Nxe6 21. fxe6 Rac8 22. Rd3 Kxe6 23. Rb1 Rc6 24. Rb5 Rhc8 25. h4
Ke7 26. Kf4 h6 27. Re5+ Re6 28. Red5 Rc4 29. R5d4 Rf6+ 30. Ke3 Rc7 31. e5
Rf1 32. Rd6 Rc5 33. Rxb6 Rxe5+ 34. Kd4 Re2 35. Re3+ Rxe3 36. Kxe3 Re1+ 37.
Kd4 Ra1 38. Rxb7+ Ke6 39. Rb6+ Kf7 40. Ke5 Rxa4 41. Rb7+ Ke8 42. g3 Rc4 43.
Rb6 Kf7 44. Rf6+ Ke7 45. Rxg6 Rxc3 46. Kf4 Rc4+ 47. Kf3 Rc3+ 48. Kg4 h5+
49. Kxh5 a4 50. Kg4 Rc4+ 51. Kh3 a3 52. Ra6 Rc3 53. h5 Kf7 54. Kh4 Kg7 55.
g4 Rb3 56. Ra7+ Kf6 57. g5+ Kf5 58. Ra5+ Ke6 59. h6 Kf7 60. Kg4 Rc3 61.
Ra7+ Kg8 62. Kh5 Rb3 63. h7+ Kh8 64. Kh6 1-0

[Event "4th ch-EU"]
[Site "Liverpool ENG"]
[Date "2008.09.17"]
[Round "9"]
[White "Sebenik,M"]
[Black "Rudd,J"]
[Result "1/2-1/2"]
[WhiteElo "2485"]
[BlackElo "2345"]
[EventDate "2008.09.09"]

1. Nf3 Nc6 2. d4 d5 3. g3 Bf5 4. Bg2 Qd7 5. O-O Bh3 6. c4 Bxg2 7. Kxg2 e6
8. cxd5 exd5 9. Nc3 Nge7 10. b4 Ng6 11. a3 Be7 12. Qb3 O-O-O 13. Qa4 h5 14.
b5 Nb8 15. Qxa7 h4 16. Ra2 Bd6 17. Rc2 Qf5 18. Qa4 Rde8 19. Qb3 Rh5 20. Nd1
hxg3 21. fxg3 Qh3+ 22. Kf2 f5 23. Ke1 f4 24. Nf2 Qe6 25. g4 Rhh8 26. Nd3
Nd7 27. Nc5 Nxc5 28. dxc5 Bxc5 29. Qd3 Bb6 30. Bb2 Qxg4 31. Bd4 Bxd4 32.
Qxd4 Nh4 33. Nxh4 Rxh4 34. Rg1 Qf5 35. Qc5 Qe5 36. Rg5 Qe7 37. Qxe7 Rxe7
38. Rxd5 f3 39. Rf5 fxe2 40. Rxe2 Rxe2+ 41. Kxe2 Rxh2+ 42. Kd3 Rh3+ 43. Kc4
Rxa3 44. Rg5 1/2-1/2

[Event "4th ch-EU"]
[Site "Liverpool ENG"]
[Date "2008.09.17"]
[Round "9"]
[White "Davies,Ni"]
[Black "Ringoir,T"]
[Result "1/2-1/2"]
[WhiteElo "2478"]
[BlackElo "2321"]
[EventDate "2008.09.09"]

1. d4 Nf6 2. Nf3 e6 3. g3 c5 4. Bg2 Nc6 5. O-O cxd4 6. Nxd4 Bc5 7. Nb3 Be7
8. c4 O-O 9. Nc3 d6 10. Bf4 e5 11. Bg5 Be6 12. Bxf6 Bxf6 13. Nd5 a5 14. Nd2
Bxd5 15. Bxd5 Qb6 16. Ne4 Be7 17. b3 Kh8 18. Nc3 f5 19. Bg2 e4 20. Nd5 Qd8
21. f3 exf3 22. exf3 Bf6 23. Nxf6 Rxf6 24. f4 Qb6+ 25. Kh1 Qb4 26. Re1 a4
27. bxa4 Qxc4 28. Qb3 Qxb3 29. axb3 h6 30. Rac1 Ra6 31. Re8+ Kh7 32. Bd5
Rb6 33. Ra1 Nb4 34. a5 Rb5 35. Bc4 Rc5 36. Re7 Nc6 37. Rc7 d5 38. Bd3 Rxa5
39. Rxa5 Nxa5 40. b4 Nc4 41. Rxb7 Nb2 42. Bc2 Kg6 43. g4 Rd6 44. Bxf5+ Kf6
45. Rc7 Rb6 46. Rd7 Rxb4 47. Rd6+ 1/2-1/2

[Event "4th ch-EU"]
[Site "Liverpool ENG"]
[Date "2008.09.17"]
[Round "9"]
[White "Rodriguez Lopez,Ra"]
[Black "McNab,C"]
[Result "0-1"]
[WhiteElo "2312"]
[BlackElo "2450"]
[EventDate "2008.09.09"]

1. d4 d6 2. g3 g6 3. Bg2 Bg7 4. Nf3 Nf6 5. O-O O-O 6. c4 c6 7. Nc3 Qa5 8.
e4 Bg4 9. h3 Bxf3 10. Bxf3 Nbd7 11. Be3 c5 12. d5 Qb4 13. Be2 Qxb2 14. Na4
Qe5 15. f4 Qxe4 16. Qd2 Nxd5 17. Bf2 0-1

[Event "4th ch-EU"]
[Site "Liverpool ENG"]
[Date "2008.09.17"]
[Round "9"]
[White "Collins,S IRL"]
[Black "Constantinou,Pe"]
[Result "1-0"]
[WhiteElo "2412"]
[BlackElo "2225"]
[EventDate "2008.09.09"]

1. d4 g6 2. c4 Bg7 3. e4 Nc6 4. Nf3 d6 5. Be2 Bg4 6. Be3 e5 7. d5 Bxf3 8.
Bxf3 Nd4 9. Nc3 c5 10. dxc6 bxc6 11. O-O Ne7 12. Bxd4 exd4 13. Ne2 Qb6 14.
Rb1 a5 15. a3 a4 16. b4 axb3 17. Rxb3 Qa7 18. Qb1 Rd8 19. Rd1 Bf6 20. Rb7
Qxa3 21. Nxd4 O-O 22. e5 dxe5 23. Nxc6 Nxc6 24. Bxc6 Rxd1+ 25. Qxd1 Be7 26.
g3 Bc5 27. Bd5 Bd4 28. Kg2 Qc3 29. Rb3 Qa5 30. Qf3 Qd8 31. Rb7 Kh8 32. Bxf7
Kg7 33. Be8+ Kg8 34. Bf7+ Kg7 35. h4 Kh6 36. Bg8 Rxg8 37. Qf7 Rh8 38. Qg7+
Kh5 39. Kh3 1-0

[Event "4th ch-EU"]
[Site "Liverpool ENG"]
[Date "2008.09.17"]
[Round "9"]
[White "Houska,Jo"]
[Black "Kett,T"]
[Result "1-0"]
[WhiteElo "2405"]
[BlackElo "2247"]
[EventDate "2008.09.09"]

1. d4 Nf6 2. Nf3 d5 3. c4 e6 4. g3 dxc4 5. Bg2 c5 6. O-O Nc6 7. Ne5 Bd7 8.
Nxc4 cxd4 9. Bf4 Nd5 10. Nd6+ Bxd6 11. Bxd6 h5 12. h4 g5 13. Nd2 gxh4 14.
Ba3 b5 15. Bc5 hxg3 16. Ne4 gxf2+ 17. Rxf2 Qh4 18. Nd6+ Kd8 19. Nxf7+ Kc7
20. Bd6+ Kb6 21. Qc2 a6 22. Qc5+ Kb7 23. Nxh8 Rxh8 24. Rf7 Qd8 25. Rc1 Qc8
26. Be5 Rg8 27. Qd6 Rd8 28. Bf6 Nxf6 29. Rxc6 1-0

[Event "4th ch-EU"]
[Site "Liverpool ENG"]
[Date "2008.09.17"]
[Round "9"]
[White "Briscoe,C"]
[Black "Garcia Castro,P"]
[Result "1-0"]
[WhiteElo "2232"]
[BlackElo "2390"]
[EventDate "2008.09.09"]

1. e4 e5 2. Nf3 d6 3. d4 exd4 4. Nxd4 Nf6 5. Nc3 Be7 6. Bf4 O-O 7. Qd2 d5
8. Ndb5 Bb4 9. f3 Ba5 10. e5 Nh5 11. O-O-O a6 12. Nd4 c5 13. Nb3 d4 14. Bg5
Qc7 15. Nxa5 Qxa5 16. Nb1 Qxd2+ 17. Nxd2 Re8 18. Nc4 Nc6 19. g4 Nxe5 20.
Nb6 Nxf3 21. Nxa8 Bxg4 22. Nc7 Rc8 23. Nd5 Nxg5 24. Ne7+ Kf8 25. Nxc8 Bxc8
26. Bg2 Nf4 27. h4 Nge6 28. Bf3 h6 29. Rde1 b6 30. Kd2 Bd7 31. b3 g6 32.
Rhf1 f5 33. Re5 Ke7 34. Bb7 Kf6 35. Ree1 a5 36. a4 Be8 37. Rxf4 1-0

[Event "4th ch-EU"]
[Site "Liverpool ENG"]
[Date "2008.09.17"]
[Round "9"]
[White "Fowler,S"]
[Black "Horner,J"]
[Result "0-1"]
[WhiteElo "2256"]
[BlackElo "2372"]
[EventDate "2008.09.09"]

1. e4 e5 2. Nf3 Nc6 3. Bb5 a6 4. Ba4 Nf6 5. O-O Be7 6. Re1 b5 7. Bb3 d6 8.
c3 O-O 9. d4 Bg4 10. Be3 Na5 11. dxe5 Bxf3 12. Qxf3 dxe5 13. Bc2 Nc4 14.
Bc1 h6 15. Rd1 Qc8 16. Nd2 Nxd2 17. Bxd2 Kh8 18. a4 Qe6 19. Qe2 c6 20. b4
Nh7 21. Ra3 Rad8 22. Bb3 Qg6 23. c4 Bg5 24. axb5 Bxd2 25. Rxd2 Rxd2 26.
Qxd2 Ng5 27. Qe3 axb5 28. cxb5 cxb5 29. Bd5 Rc8 30. h4 Ne6 31. Ra7 Nf4 32.
g3 Rc1+ 33. Kh2 Qg4 34. gxf4 Qxh4+ 35. Qh3 Qxf2+ 36. Qg2 Qh4+ 0-1

[Event "4th ch-EU"]
[Site "Liverpool ENG"]
[Date "2008.09.17"]
[Round "9"]
[White "Tasker,M"]
[Black "Bitalzadeh,A"]
[Result "0-1"]
[WhiteElo "2062"]
[BlackElo "2310"]
[EventDate "2008.09.09"]

1. Nf3 Nf6 2. c4 g6 3. Nc3 Bg7 4. e4 d6 5. d4 O-O 6. Be2 Bg4 7. Be3 Nfd7 8.
Rc1 c5 9. d5 Na6 10. O-O Nc7 11. Qd2 a6 12. a4 Rb8 13. Rfe1 Bxf3 14. gxf3
e5 15. Bf1 f5 16. Bg5 Qe8 17. Bh6 Nf6 18. Bxg7 Kxg7 19. f4 fxe4 20. Nxe4
Nxe4 21. Rxe4 Rxf4 22. Rxf4 exf4 23. Qxf4 Qe7 24. Rc3 Rf8 25. Re3 Qd8 26.
Qg3 Rf5 27. Bg2 b5 28. b3 Qf6 29. Re1 Kf7 30. Qe3 b4 31. Qd2 a5 32. Re3 Qd4
33. Qe1 Kf6 34. Rf3 Rxf3 35. Bxf3 Qe5 36. Qd1 Ne8 37. Bg4 Qf4 38. Qe2 Ng7
39. Bd7 Qc1+ 40. Kg2 Qg5+ 41. Kf1 Nh5 42. Qe6+ Kg7 43. Qxd6 Nf4 44. Bh3 Kh6
45. Qd7 Qh5 46. Bg4 Qxh2 47. Bf3 Nh3 0-1

[Event "4th ch-EU"]
[Site "Liverpool ENG"]
[Date "2008.09.17"]
[Round "9"]
[White "Bennett,P"]
[Black "Storey,Ch"]
[Result "0-1"]
[WhiteElo "2120"]
[BlackElo "2268"]
[EventDate "2008.09.09"]

1. d4 g6 2. c4 Bg7 3. Nc3 c5 4. d5 e5 5. e4 d6 6. Bd3 Nd7 7. Nf3 Ne7 8. Be3
O-O 9. Nd2 f5 10. f3 Nf6 11. Qc2 Nh5 12. O-O-O Nf4 13. Rdg1 a6 14. g4 Nxd3+
15. Qxd3 f4 16. Bf2 b5 17. Kb1 Bd7 18. Bh4 Bf6 19. g5 Bg7 20. Be1 bxc4 21.
Nxc4 Bh3 22. Na4 Nf5 23. Ba5 Qe7 24. Bc3 Nd4 25. Bxd4 exd4 26. b3 Rab8 27.
Nab2 Qd8 28. Qd2 d3 29. Nxd3 a5 30. Nxa5 Bd7 31. Nb2 Bd4 32. Rg2 Qb6 33.
Nbc4 Qa6 34. h4 Rb5 35. a4 Rb4 36. Ka2 Bxa4 37. bxa4 Rxc4 38. Nxc4 Qxc4+
39. Ka3 Ra8 0-1

[Event "4th ch-EU"]
[Site "Liverpool ENG"]
[Date "2008.09.17"]
[Round "9"]
[White "Majer,C"]
[Black "Carleton,J"]
[Result "0-1"]
[WhiteElo "2091"]
[BlackElo "2305"]
[EventDate "2008.09.09"]

1. e4 Nf6 2. e5 Nd5 3. d4 d6 4. Bc4 c6 5. Nf3 Bg4 6. h3 Bxf3 7. Qxf3 dxe5
8. dxe5 e6 9. O-O Nd7 10. Re1 Qc7 11. Qg3 Ne7 12. Nd2 Nf5 13. Qc3 O-O-O 14.
Nf3 h6 15. b4 Nb6 16. a3 Be7 17. Bb2 c5 18. bxc5 Bxc5 19. Bd3 Nd4 20. Nxd4
Bxd4 21. Qxc7+ Kxc7 22. Bxd4 Rxd4 23. Rab1 Rhd8 24. Rb4 Na4 25. Re4 Rxe4
26. Rxe4 Nc5 27. Rf4 Rd7 28. Bb5 Re7 29. Kf1 a6 30. Bc4 Kc6 31. Ke2 b5 32.
Ba2 a5 33. Rf3 Kb6 34. Ke3 Na6 35. Kd4 Nb8 36. Ke4 Rd7 37. Bb3 Nc6 38. Ba2
a4 39. g3 Rc7 40. c4 b4 41. axb4 Nxb4 42. Ra3 Nxa2 43. Rxa2 Rxc4+ 44. Kd3
Kc5 45. Rb2 a3 46. Rb8 Ra4 47. Rc8+ Kd5 0-1

[Event "4th ch-EU"]
[Site "Liverpool ENG"]
[Date "2008.09.17"]
[Round "9"]
[White "Zhou,Y"]
[Black "Brown,Mart"]
[Result "1/2-1/2"]
[WhiteElo "2259"]
[BlackElo "2072"]
[EventDate "2008.09.09"]

1. e4 e6 2. d3 d5 3. Nd2 Nf6 4. Ngf3 c5 5. g3 Be7 6. Bg2 O-O 7. O-O b5 8.
Ne5 Qc7 9. f4 Bb7 10. Qe2 Nc6 11. Nxc6 Bxc6 12. e5 Nd7 13. Nf3 b4 14. Kh1
Rab8 15. g4 Rbe8 16. b3 f6 17. Bb2 fxe5 18. Nxe5 Nxe5 19. Bxe5 Bd6 20. Rae1
Bxe5 21. Qxe5 Qd7 22. d4 c4 23. Bh3 Rf7 24. g5 Rfe7 25. Rf3 c3 26. Rfe3 Qd8
27. Bg4 Bb5 28. Rh3 Ba6 29. Rxh7 Kxh7 30. g6+ Kxg6 31. Qh5+ Kf6 32. f5 Rc7
33. Qg6+ Ke7 34. Bh5 Bc8 35. fxe6 Rf8 36. Qxg7+ Kd6 37. Qe5+ Kc6 38. e7
Rxe7 39. Qxe7 Qxe7 40. Rxe7 Bf5 41. Re2 1/2-1/2

[Event "4th ch-EU"]
[Site "Liverpool ENG"]
[Date "2008.09.17"]
[Round "9"]
[White "Cannon,Ra"]
[Black "Blackburn,J"]
[Result "0-1"]
[WhiteElo "2041"]
[BlackElo "2196"]
[EventDate "2008.09.09"]

1. e4 e6 2. d4 d5 3. Nc3 Bb4 4. exd5 exd5 5. Bd3 Nc6 6. a3 Ba5 7. Nge2 Bg4
8. Be3 Nge7 9. h3 Be6 10. Nf4 Qd7 11. Nxe6 Qxe6 12. O-O Qf6 13. Ne2 Nf5 14.
Bxf5 Qxf5 15. b4 Bb6 16. Ng3 Qg6 17. c3 O-O 18. Nh5 Rae8 19. Qf3 Ne7 20.
Nf4 Qf5 21. g4 Qf6 22. Qg3 c6 23. Nh5 Qg6 24. Rae1 f5 25. Bf4 fxg4 26. hxg4
Nf5 27. gxf5 Qxh5 28. Rxe8 Rxe8 29. Be5 g6 30. fxg6 Qxg6 31. Qxg6+ hxg6 32.
Kg2 Re7 33. Rh1 Rh7 34. Re1 Kf7 35. Bg3 Rh5 36. Re3 a5 37. Re1 a4 38. Bd6
Bd8 39. Bf4 Bf6 40. b5 Be7 41. bxc6 bxc6 42. Rb1 Bxa3 43. Ra1 Bb2 44. Rxa4
Bxc3 45. Ra7+ Ke6 46. Rc7 Bxd4 47. Rxc6+ Kf5 48. Bg3 Bb2 49. Kf3 Rh1 50.
Rc5 Rd1 51. Ke2 Rd4 52. Ke3 Ke6 53. Rc6+ Kf7 54. Rc7+ Kg8 55. Rg7+ Kxg7 56.
Be5+ Kf7 57. Bxd4 Bxd4+ 58. Kxd4 Ke6 59. Kd3 Ke5 60. Ke3 g5 0-1

[Event "4th ch-EU"]
[Site "Liverpool ENG"]
[Date "2008.09.17"]
[Round "9"]
[White "Redmond,J"]
[Black "Bennion,D"]
[Result "1-0"]
[WhiteElo "2188"]
[BlackElo "2063"]
[EventDate "2008.09.09"]

1. c4 e5 2. Nc3 Nf6 3. Nf3 Nc6 4. g3 d5 5. cxd5 Nxd5 6. Bg2 Nb6 7. O-O g5
8. d4 exd4 9. Nb5 Be7 10. Nfxd4 Nxd4 11. Nxd4 h5 12. a4 c6 13. a5 Nc4 14.
a6 Bc5 15. e3 Ne5 16. Qc2 Qb6 17. Bd2 Be7 18. axb7 Bxb7 19. Nf5 c5 20. e4
g4 21. Bc3 f6 22. Rfd1 Ba6 23. Bxe5 fxe5 24. Nxe7 Kxe7 25. Rxa6 Qxa6 26.
Qxc5+ Ke6 27. Bf1 Qc8 28. Bc4+ 1-0